Термическая обработка, структура, свойства и методы улучшения деревообрабатывающего инструмента: Диссертация на соискание ученой степени кандидата технических наук

書誌詳細
第一著者: Симонов Г. В.
団体著者: Томский политехнический институт (ТПИ)
その他の著者: Тютева Н. Д. (научный руководитель)
言語:ロシア語
出版事項: Томск, 1965
主題:
フォーマット: 図書
KOHA link:https://koha.lib.tpu.ru/cgi-bin/koha/opac-detail.pl?biblionumber=145710

MARC

LEADER 00000nbm0a2200000 4500
001 145710
005 20240212110417.0
035 |a (RuTPU)RU\TPU\book\157943 
090 |a 145710 
100 |a 20081021d1965 k y0rusy50 ca 
101 0 |a rus 
102 |a RU 
105 |a a m 001zy 
200 1 |a Термическая обработка, структура, свойства и методы улучшения деревообрабатывающего инструмента  |e Диссертация на соискание ученой степени кандидата технических наук  |f Г. В. Симонов  |g Томский политехнический институт (ТПИ) ; науч. рук. Н. Д. Тютева 
210 |a Томск  |d 1965 
215 |a 150 л.  |c ил. 
320 |a Библиогр.: с. 137-148 (122 назв.) 
610 1 |a деревообрабатывающие инструменты 
610 1 |a термическая обработка 
610 1 |a структура 
610 1 |a свойства 
610 1 |a улучшение 
610 1 |a режущие элементы 
610 1 |a затупление 
610 1 |a износостойкость 
610 1 |a центробежная отливка 
610 1 |a ультразвуковая обработка 
610 1 |a исследование 
610 1 |a диссертации 
675 |a 674.056(04)  |v 3 
700 1 |a Симонов  |b Г. В. 
702 1 |a Тютева  |b Н. Д.  |4 727 
712 0 2 |a Томский политехнический институт (ТПИ)  |c (1944-1991)  |3 (RuTPU)RU\TPU\col\1123 
801 1 |a RU  |b 63413507  |c 20081021  |g PSBO 
801 2 |a RU  |b 63413507  |c 20081227  |g PSBO 
942 |c BK